Normal view
MARC view
Entry Personal Name
001 - CONTROL NUMBER
- control field: 9501
003 - CONTROL NUMBER IDENTIFIER
- control field: ARRUPE
005 - DATE AND TIME OF LATEST TRANSACTION
- control field: 20140327132114.0
008 - FIXED-LENGTH DATA ELEMENTS
- fixed length control field: 140327|| aca||aabn | a|a d
040 ## - CATALOGING SOURCE
- Original cataloging agency: ARRUPE
- Transcribing agency: ARRUPE
100 ## - HEADING--PERSONAL NAME
- Personal name: Brice, A. H. M.
- Fuller form of name: (Arthur Hallam Montefiore),
- Dates associated with a name: 1859-1927.
670 ## - SOURCE DATA FOUND
- Source citation: Work cat.: (ARRUPE)0: Brice, A. H. M. (Arthur Hallam Montefiore), 1859-1927., David Livingstone :, [n.d.]